000 00263nam a22001217a 4500
008 170615b xxu||||| |||| 00| 0 eng d
041 _aeng
080 _a94
100 _a16
101 _aSHH
245 _aA PERFACE TO HISTORY
_cGUSTAVSON,C.G
942 _2udc
_cBK
999 _c17587
_d17587